| 000 | 00570nam a2200205Ia 4500 | ||
|---|---|---|---|
| 008 | 151119s9999||||xx |||||||||||||| ||und|| | ||
| 082 | _a891.464 | ||
| 082 | _bGKKV32308 | ||
| 100 | _aनाईक विलास | ||
| 245 | _aकळत नकळत | ||
| 260 | _aपुणे | ||
| 260 | _bदिलीपराज प्रकाशन | ||
| 260 | _c2013 | ||
| 300 | _a189p. | ||
| 600 | _aनाईक विलास | ||
| 630 | _aकळत नकळत | ||
| 700 | _aनाईक विलास | ||
| 730 | _aकळत नकळत | ||
| 942 | _cBOOK | ||
| 999 |
_c1084612 _d1084609 |
||